| 000 | 00751nam a22002177a 4500 | ||
|---|---|---|---|
| 005 | 20250315120849.0 | ||
| 008 | 250315b ||||| |||| 00| 0 eng d | ||
| 020 | _a9789361313776 | ||
| 040 | _cAIMITLIBRARY | ||
| 082 |
_22 _a338.04 _bEVEN |
||
| 100 |
_aEvers, Natasha. _eAuthor _9206573 |
||
| 245 |
_aTechnology entrepreneurship : _bbringing innovation to the marketplace / _cBy Natasha Evers, James Cunningham and Thomas Hoholm. |
||
| 250 | _a2nd ed. | ||
| 260 |
_aNew Delhi : _bRed Globe Press , _c2024. |
||
| 300 |
_axxviii,417p. ; _bPB _c24cm |
||
| 650 |
_aMarketing strategy. _9206574 |
||
| 650 |
_aBusiness modelling. _9206575 |
||
| 700 |
_aCunningham, James. _eAuthor _9206576 |
||
| 700 |
_aHoholm, Thomas. _eAuthor _9206577 |
||
| 942 |
_2ddc _cBK |
||
| 999 |
_c233965 _d233965 |
||